000 01180naa a22003017a 4500
001 BR4600080
003 BR-BrBNA
005 20240918172818.0
007 ta
008 230509b bl.||||| |||| 00| 0 por d
040 _aBR-BrBNA
_bpor
_cBiblioteca Nacional de Agricultura
041 _a(Pt)
072 _aQ10; Q20
090 _aQ10 BR4600080
100 1 _aRibeiro, P. de A.
111 1 _a3. Congresso Brasileiro de Veterinaria
_cPorto Alegre, RS (Brazil)
_d1 Oct 1945
245 1 _aO ensino da industria, inspecao e conservacao de produtos alimenticios de origem animal nas escolas de veterinaria
260 3 _aPorto Alegre, RS (Brasil):
_bLiv. globo,
_c1946.
500 _aAnais do 3. Congresso Brasileiro de Veterinaria Porto Alegre, RS (Brasil): Liv. globo, 1946. p. 993-999 (BR4600080-AM)Q10
650 _aTecnologia de alimento
650 _aMicrobiologia de alimento
650 _aAlimento animal
650 _aInspecao sanitaria
650 _aIndustria alimenticia
773 0 _tAnais do 3. Congresso Brasileiro de Veterinaria
_wQ10 BR4600080
_gPorto Alegre, RS (Brasil), 1946. p. 993-999
909 _a202404
_bLucia
_c55
_dLucia Elande
942 _cAM
_2AGRIS
999 _c301561
_d301561